Internationalisation de ľ enseignement. Exemple d`un programme d`etude en langue française en Slovaquie
Zahraničná spolupráca Ekonomickej univerzity v Bratislave v oblasti frankofónneho vzdelávania. Študijný program Manažment predaja vo francúzštine. Výsledky prieskumu uskutočneného medzi absolventmi frankofónneho štúdia EU v Bratislave, ktorý bol zameraný na hodnotenie a prínos štúdia.
Guardado en:
| Autor principal: | |
|---|---|
| Otros Autores: | , , , |
| Formato: | Capítulo de libro |
| Lenguaje: | francés |
| Materias: | |
| Etiquetas: |
Sin Etiquetas, Sea el primero en etiquetar este registro!
|
MARC
| LEADER | 00000naa a2200000 4500 | ||
|---|---|---|---|
| 001 | 0222021 | ||
| 005 | 20240502083550.5 | ||
| 041 | 0 | |a fre | |
| 044 | |a FR | ||
| 245 | 1 | 0 | |a Internationalisation de ľ enseignement. Exemple d`un programme d`etude en langue française en Slovaquie |c Jaroslav Kita, Ladislav Lapšanský, Ferdinand Daňo, Pavol Kita, Pavol Konštiak |
| 520 | |a Zahraničná spolupráca Ekonomickej univerzity v Bratislave v oblasti frankofónneho vzdelávania. Študijný program Manažment predaja vo francúzštine. Výsledky prieskumu uskutočneného medzi absolventmi frankofónneho štúdia EU v Bratislave, ktorý bol zameraný na hodnotenie a prínos štúdia. | ||
| 610 | 2 | 0 | |a vzdelávanie vysokoškolské |
| 610 | 2 | 0 | |a spolupráca medzinárodná |
| 610 | 2 | 0 | |a internacionalizácia |
| 610 | 2 | 0 | |a univerzity |
| 610 | 2 | 0 | |a jazyky cudzie |
| 610 | 2 | 0 | |a francúzština |
| 610 | 2 | 0 | |a programy študijné |
| 610 | 2 | 0 | |a prieskum |
| 610 | 2 | 0 | |a absolventi |
| 100 | 1 | |a Kita, Jaroslav | |
| 700 | 1 | |a Lapšanský, Ladislav | |
| 700 | 1 | |a Daňo, Ferdinand, 1959- | |
| 700 | 1 | |a Kita, Pavol | |
| 700 | 1 | |a Konštiak, Pavol | |